[Event "Montreal Mercredi 11"]
[Site "Montreal"]
[Date "2014.12.10"]
[Round "4"]
[White "Johnson Constantin, Matthieu"]
[Black "Zroud, Hicham"]
[Result "0-1"]
[WhiteElo "1744"]
[BlackElo "1757"]
[PlyCount "102"]
[EventDate "2014.11.19"]
[EventType "swiss"]
[EventRounds "5"]
[EventCountry "CAN"]
[SourceTitle "EXT 2022"]
[Source "ChessBase"]
[SourceDate "2021.10.06"]
[SourceVersion "1"]
[SourceVersionDate "2021.10.06"]
[SourceQuality "1"]

1. d4 Nf6 2. c4 e5 3. dxe5 Ng4 4. Bf4 Nc6 5. Nf3 Bb4+ 6. Nbd2 Qe7 7. a3 Ngxe5 8. Nxe5 Nxe5 9. Bxe5 Bxd2+ 10. Qxd2 Qxe5 11. 0-0-0 d6 12. e3 Bf5 13. Bd3 Bxd3 14. Qxd3 0-0-0 15. Qd5 Rhe8 16. Kc2 Qxd5 17. cxd5 f5 18. Rd4 Re7 19. Kd3 Rde8 20. Rc1 Re4 21. Rdc4 R8e7 22. b4 b5 23. Rxe4 Rxe4 24. f3 Re5 25. Kd4 g5 26. e4 g4 27. Rc3 gxf3 28. gxf3 fxe4 29. fxe4 Rh5 30. h3 Kd7 31. Rg3 Kc8 32. Ke3 Rh4 33. Kd3 Kb7 34. Re3 Kb6 35. Ke2 Rf4 36. Ke1 c5 37. dxc6 Kxc6 38. Kd2 d5 39. Kd3 dxe4+ 40. Rxe4 Rf3+ 41. Re3 Rxe3+ 42. Kxe3 Kd5 43. Kf4 Kc4 44. Kg5 Kb3 45. Kh6 Kxa3 46. Kxh7 Kxb4 47. h4 a5 48. h5 a4 49. h6 a3 50. Kg7 a2 51. h7 a1Q+ 0-1

[Event "Charlesbourg Millenium"]
[Site "Charlesbourg"]
[Date "2010.12.13"]
[Round "4"]
[White "Arteau, Benoit"]
[Black "Zroud, Hicham"]
[Result "1/2-1/2"]
[WhiteElo "1850"]
[BlackElo "1766"]
[PlyCount "53"]
[EventDate "2010.11.??"]
[EventType "swiss"]
[EventRounds "5"]
[EventCountry "CAN"]
[SourceTitle "EXT 2022"]
[Source "ChessBase"]
[SourceDate "2021.10.06"]
[SourceVersion "1"]
[SourceVersionDate "2021.10.06"]
[SourceQuality "1"]

1. d4 Nf6 2. c4 e5 3. d5 Bc5 4. Nc3 a6 5. e4 d6 6. h3 h6 7. Be2 0-0 8. Nf3 Ne8 9. Qd3 f5 10. Be3 Bb4 11. Bd2 Nd7 12. Na4 fxe4 13. Qxe4 Nc5 14. Nxc5 Bxc5 15. Be3 Bf5 16. Qh4 Bxe3 17. fxe3 Qxh4+ 18. Nxh4 Bh7 19. Bg4 Nf6 20. Be6+ Kh8 21. 0-0 Ne4 22. Rad1 Ng3 23. Rf7 Rxf7 24. Bxf7 Bg8 25. Bg6 Bh7 26. Kh2 Ne4 27. Kg1 1/2-1/2

[Event "Montreal Mercredi 03"]
[Site "Montreal"]
[Date "2010.04.21"]
[Round "4"]
[White "Zroud, Hicham"]
[Black "Cote, Philippe"]
[Result "1/2-1/2"]
[WhiteElo "1789"]
[BlackElo "1753"]
[PlyCount "48"]
[EventDate "2010.03.31"]
[EventType "tourn"]
[EventRounds "5"]
[EventCountry "CAN"]
[SourceTitle "EXT 2013"]
[Source "ChessBase"]
[SourceDate "2012.11.22"]
[SourceVersion "1"]
[SourceVersionDate "2012.11.22"]
[SourceQuality "1"]

1. e4 d6 2. d4 Nf6 3. Nc3 g6 4. Nf3 Bg7 5. h3 a6 6. a4 Nc6 7. Be3 0-0 8. Qd2 e5 9. dxe5 dxe5 10. Rd1 Qxd2+ 11. Rxd2 h6 12. Bc4 Nh5 13. Nd5 Be6 14. Bb3 Bxd5 15. Bxd5 Nf4 16. Bc5 Rfd8 17. Bxc6 bxc6 18. g3 Ne6 19. Ba3 Nd4 20. Nh4 g5 21. c3 gxh4 22. cxd4 hxg3 23. fxg3 Rxd4 24. Rxd4 exd4 1/2-1/2